01371nam a2200361Ia 4500001001200000003000800012006001900020007001500039008004100054010001700095020002800112020001800140020002600158040002100184035002000205050002400225100002000249245012000269260003600389300002600425440003100451504005100482533015200533650003400685650002400719650003600743650002600779655002900805700001500834710001700849856012600866999001700992ebr10607834CaPaEBRm u cr cn|||||||||011026s2002 maua sb 001 0 eng d z 2002105522 z1580532888 (alk. paper) z9781580532884 z9781580535496 (ebook) aCaPaEBRcCaPaEBR a(OCoLC)5085714314aTK6578b.C44 2002eb1 aChen, Victor C.10aTime-frequency transforms for radar imaging and signal analysish[electronic resource] /cVictor C. Chen, Hao Ling. aBoston :bArtech House,cc2002. axviii, 214 p. :bill. 0aArtech House radar library aIncludes bibliographical references and index. aElectronic reproduction.bPalo Alto, Calif. :cebrary,d2011.nAvailable via World Wide Web.nAccess may be limited to ebrary affiliated libraries. 0aImaging systemsxMathematics. 0aRadarxMathematics. 0aSignal processingxMathematics. 0aTime-domain analysis. 7aElectronic books.2local1 aLing, Hao.2 aebrary, Inc.40uhttp://site.ebrary.com/lib/rucke/Doc?id=10607834zAn electronic book accessible through the World Wide Web; click to view c97378d97378